00237nam a2200097Ia 4500008004100000100001800041245005100059250000700110260001400117300000800131190216s9999||||xx |||||||||||||| ||und|| aK.Sankara Rao 0aNumerical Methods For Scientists And Engineers aII bPhic2004 a272